<?xml version="1.0" encoding="UTF-8"?>
<record
    xmlns:xsi="http://www.w3.org/2001/XMLSchema-instance"
    xsi:schemaLocation="http://www.loc.gov/MARC21/slim http://www.loc.gov/standards/marcxml/schema/MARC21slim.xsd"
    xmlns="http://www.loc.gov/MARC21/slim">

  <leader>00828nam a2200229 a 4500</leader>
  <controlfield tag="001">35940</controlfield>
  <controlfield tag="003">BD-RjUL</controlfield>
  <controlfield tag="005">20211209052415.0</controlfield>
  <controlfield tag="008">140612s1965    lau           001 0 eng d</controlfield>
  <datafield tag="035" ind1=" " ind2=" ">
    <subfield code="a">(BD-RjUL)36037</subfield>
  </datafield>
  <datafield tag="040" ind1=" " ind2=" ">
    <subfield code="a">NUN</subfield>
    <subfield code="b">eng</subfield>
    <subfield code="c">NUN</subfield>
    <subfield code="d">VSC</subfield>
    <subfield code="d">BD-RjUL</subfield>
  </datafield>
  <datafield tag="041" ind1=" " ind2=" ">
    <subfield code="a">eng</subfield>
  </datafield>
  <datafield tag="082" ind1="0" ind2="4">
    <subfield code="a">320.40973</subfield>
    <subfield code="2">20</subfield>
    <subfield code="b">GWM 1965</subfield>
  </datafield>
  <datafield tag="100" ind1="1" ind2=" ">
    <subfield code="a">Gwyn, William Brent.</subfield>
    <subfield code="9">109404</subfield>
  </datafield>
  <datafield tag="245" ind1="1" ind2="4">
    <subfield code="a">The meaning of the separation of powers :</subfield>
    <subfield code="b">an analysis of the doctrine from its origin to the adoption of the United States Constitution /</subfield>
    <subfield code="c">by W. B. Gwyn.</subfield>
  </datafield>
  <datafield tag="260" ind1=" " ind2=" ">
    <subfield code="a">New Orleans :</subfield>
    <subfield code="b">Tulane University,</subfield>
    <subfield code="c">1965.</subfield>
  </datafield>
  <datafield tag="300" ind1=" " ind2=" ">
    <subfield code="a">vii, 159 p. ;</subfield>
    <subfield code="c">23 cm.</subfield>
  </datafield>
  <datafield tag="504" ind1=" " ind2=" ">
    <subfield code="a">Bibliography: p. [142]-153. and Index</subfield>
  </datafield>
  <datafield tag="650" ind1=" " ind2="0">
    <subfield code="a">Separation of powers</subfield>
    <subfield code="z">United States.</subfield>
    <subfield code="9">109406</subfield>
  </datafield>
  <datafield tag="942" ind1=" " ind2=" ">
    <subfield code="2">ddc</subfield>
    <subfield code="c">BK</subfield>
  </datafield>
  <datafield tag="999" ind1=" " ind2=" ">
    <subfield code="c">35940</subfield>
    <subfield code="d">35940</subfield>
  </datafield>
  <datafield tag="952" ind1=" " ind2=" ">
    <subfield code="0">0</subfield>
    <subfield code="1">0</subfield>
    <subfield code="2">ddc</subfield>
    <subfield code="4">0</subfield>
    <subfield code="7">1</subfield>
    <subfield code="8">NFIC</subfield>
    <subfield code="a">RUCL</subfield>
    <subfield code="b">RUCL</subfield>
    <subfield code="c">Reading</subfield>
    <subfield code="d">1967-09-08</subfield>
    <subfield code="e">Zeitlinger</subfield>
    <subfield code="g">64.00</subfield>
    <subfield code="l">0</subfield>
    <subfield code="o">320.40973 GWM 1965</subfield>
    <subfield code="r">2014-06-12 00:00:00</subfield>
    <subfield code="t">C-1</subfield>
    <subfield code="w">2014-06-12</subfield>
    <subfield code="y">BK</subfield>
  </datafield>
</record>
